|
|
|
|
| LEADER |
00000cam a2200000 i 4500 |
| 001 |
1/89044 |
| 008 |
051114s2003 gr | ||| |||| ||gre|| |
| 020 |
|
|
|a 9603255041
|
| 035 |
|
|
|l 10081229
|
| 040 |
|
|
|a GR-MyUa
|b gre
|e AAC2
|
| 041 |
1 |
|
|a gre
|h fre
|
| 082 |
7 |
|
|a 848
|2 (22)
|
| 100 |
1 |
|
|a Sartre, Jean-Paul,
|d 1905-1980.
|
| 245 |
1 |
3 |
|a Οι λέξεις /
|c Jean-Paul Sartre ; μετάφραση Ειρήνη Τσολακέλλη.
|
| 260 |
|
|
|a Αθήνα :
|b Άγρα,
|c c2003.
|
| 300 |
|
|
|a 331 σ. ;
|c 21 εκ.
|
| 500 |
|
|
|a Τίτλος πρωτοτύπου: Les mots.
|
| 650 |
|
0 |
|a Authors, French
|y 20th century
|x Biography.
|
| 852 |
|
|
|a INST
|b SYROS
|e 20051114
|h 848 SAR
|p 005500005147
|q 005500005147
|t BK
|y 0
|
| 901 |
|
|
|a BIBL5-2006-1
|
| 922 |
|
|
|a 5ΕΛΗ
|b 200511
|c Βιβλιοθήκη Σύρου
|d Σελεφαίς
|
| 970 |
|
|
|a Κοντού
|b Παρασκευή
|z 10/01/2006
|